Változó munkaerő-piaci igény, változatlan oktatás

Bibliographic Details
Main Author: Gakisz Jorgosz András
Other Authors: Thuma Dr. Orsolya
Format: Thesis
Kulcsszavak:Gyakorlat
Online Access:http://dolgozattar.uni-bge.hu/15455

MARC

LEADER 00000nta a2200000 i 4500
001 dolg15455
005 20181113093312.0
008 180514suuuu hu om 000 hun d
040 |a BGE Dolgozattár Repozitórium  |b hun 
041 |a hu 
100 1 |a Gakisz Jorgosz András 
245 1 0 |a Változó munkaerő-piaci igény, változatlan oktatás  |c Gakisz Jorgosz András  |h [elektronikus dokumentum] 
246 1 1 |a Változó munkaerő-piaci igény, változatlan oktatás 
695 |a Gyakorlat 
700 1 |a Thuma Dr. Orsolya  |e ths 
856 4 0 |u http://dolgozattar.uni-bge.hu/15455/1/Jorgosz-szakdolgozat-2018-v%C3%A9gleges.pdf  |z Dokumentum-elérés